Guess the football player by hints - Statistics

General Stats
  • This quiz has been taken 352 times
  • The average score is 9 of 15
Answer Stats
Hint Answer % Correct
The G.O.A.T(not Ronaldo) Lionel Messi
100%
Egyptian King Mo Salah
83%
Liverpool's wall Virgel Van Dijk
78%
England's top goalscorer Harry Kane
70%
Goalkeeper who saved Spain Iker casillas
66%
The man who betrayed barca Luis Figo
61%
Player that made Morrocan history Achraf Hakimi
60%
Scandinavian beast Erling Haaland
53%
Why always me? Mario Balotelli
53%
Smoking Ajax legend Johan Cruijff, Cruyff
46%
Flying Dutchman Robin Van Persie
46%
Germany vs Argentina WC final scorer Mario Gotze
45%
F*ck You(thank you) Ngolo Kante
42%
Lebron James of Soccer Christian Pulisic
32%
Freekick G.O.A.T Juninho
30%
No matching quizzes found
Score Distribution
Percent of People with Each Score
Percentile by Number Answered
Your Score History
You have not taken this quiz